Why you love music : from mozart to metallica - the emotional power of beautiful sounds
| Main Author: | |
|---|---|
| Format: | Book |
| Published: |
New York :
Little Brown and Company ,
2016
|
| Subjects: |
MARC
| LEADER | 00000cam a2200000 7i4500 | ||
|---|---|---|---|
| 001 | 0000210607 | ||
| 005 | 20170406.0 | ||
| 020 | |a 9780316260657 | ||
| 090 | 0 | 0 | |a 781.11 |b POW |
| 100 | 1 | |a Powell, John | |
| 245 | 1 | 0 | |a Why you love music : |b from mozart to metallica - the emotional power of beautiful sounds |c John Powell |
| 260 | |a New York : |b Little Brown and Company , |c 2016 | ||
| 300 | |a 310p. ; |c 22cm. | ||
| 650 | 0 | |a Music appreciation | |
| 650 | 0 | |a Music |x Psychological aspects | |
| 999 | |a 00342160 |b BUKU |c PINJAMAN |e PERPUSTAKAAN KOMUNITI PETALING JAYA | ||